| 000 | 01617nam0a2200397 4500 | ||
|---|---|---|---|
| 001 | RU\NLR\bibl\973819 | ||
| 005 | 20260406000707.0 | ||
| 010 |
_a5-901832-07-8 _91000 |
||
| 021 |
_aRU _b2006-34563 _91724 |
||
| 035 | _a(nilc)RSL-KNO-002895138 | ||
| 035 | _a(NLR Aleph) 000961754 | ||
| 090 |
_a343868 _c343868 |
||
| 100 | _a20060606d2006 |||y0rusy50 ca | ||
| 101 | 0 | _arus | |
| 102 | _aRU | ||
| 105 | _aa ||||||||| | ||
| 106 | _ar | ||
| 200 | 1 |
_aКосмоэнергетике - да! _fЗахир Бутаев, Асим Бутаев |
|
| 210 |
_aТольятти _cМОУ ДПОМ Центр информационных технологий _d2006 _eТольятти _gООО МНХ |
||
| 215 |
_a301 с. _cил., портр. _d21 |
||
| 320 | _aБиблиогр.: с. 296-297 (45 назв.) и в подстроч. прим. | ||
| 606 | 1 |
_aКосмоэнергетика _xЛечебное применение _92196200 _3RU\NLR\auth\661319946 |
|
| 606 | 1 |
_aКосмоэнергетика _92196201 _3RU\NLR\auth\661319947 |
|
| 610 | 0 | _aЗдравоохранение. Медицинские науки -- Парамедицина | |
| 686 |
_aР358.9,0 _2rubbk |
||
| 686 | _aР358.9 | ||
| 686 | _aЮ969 | ||
| 700 | 1 |
_4070 _8rus _7ca _aБутаев _bЗ. И. _gЗахир Изажеддинович _3RU\NLR\auth\77110241 _993166 |
|
| 701 | 1 |
_aБутаев _bА. И. _gАсим Изаджеддинович _4070 |
|
| 801 | 0 |
_aRU _bРКП _c20060606 _grcr |
|
| 801 | 1 |
_aRU _bРГБ _c20060606 |
|
| 801 | 2 |
_aRU _bNLR _c20060809 _grcr |
|
| 830 | _aАвт. по кн. | ||
| 942 | _cBOOK | ||
| 980 | _aNB | ||